| 000 | 00000nam 2200000za 4500 |
| 001 | 9.846635 |
| 003 | CaOODSP |
| 005 | 20250303104653 |
| 007 | cr ||||||||||| |
| 008 | 171106s1904 onco #o f000 0 eng d |
| 040 | |aCaOODSP|beng |
| 043 | |an-cn-mb|an-cn-nt |
| 086 | 1 |aA12-6/47-1904E-PDF |
| 100 | 1 |aSaunders, William, |d1836-1914. |
| 245 | 10|aTrees and shrubs tested in Manitoba and the North-West Territories |h[electronic resource] / |cby William Saunders. |
| 260 | |aOttawa : |bDepartment of Agriculture, |c1904. |
| 300 | |a50 p. : |bphotographs |
| 490 | 1 |aBulletin ; |vno. 47 |
| 500 | |aCover title. |
| 500 | |a"June, 1904." |
| 500 | |a"Published by direction of the Hon. Sydney A. Fisher, Minister of Agriculture." |
| 500 | |aDigitized edition from print [produced by Agriculture and Agriifood Canada]. |
| 692 | 07|2gccst|aTrees |
| 710 | 1 |aCanada. |bAgriculture and Agri-Food Canada. |
| 710 | 1 |aCanada. |bDepartment of Agriculture. |
| 830 | #0|aBulletin (Canada. Department of Agriculture)|vno. 47|w(CaOODSP)9.817895 |
| 856 | 40|qPDF|s2.55 MB|uhttps://publications.gc.ca/collections/collection_2017/aac-aafc/A12-6-47-1904-eng.pdf |